000 00664nam a2200193Ia 4500
003 GCL
008 140319s9999 xx 000 0 ara d
040 _aGCL /
_cGCL
082 0 4 _a612.01
_bى ك
100 1 _aيوسف حسنى المشنى
245 1 0 _aالكفايات العملية لفنيو المختبرات الطبية /
_cيوسف حسنى المشنى
250 _aالاولى
260 _aالقاهرة :
_bدار المستقبل للنشر والتوزيع ،
_c2000
300 _a343 ص ؛
_c24 سم
650 0 4 _aالعلوم التطبيقية
650 0 4 _aالمختبرات
650 0 4 _aالعلوم - تجارب
942 _2ddc
_cBK
999 _c5357
_d5357